000 00646nam a22001937a 4500
005 20100814144133.0
010 _aENG-100262
020 _c90.00
035 _aEN-83794
037 _bDBAD/PUB
082 _a821.08
245 _aKabir bijak /
_ctranslated by Prem Prakash
260 _aAllahabad
_bPrakh Prakashak Kabir Sansthan
_c1997
270 _aPritam Nagar
_bAllahabad
_e211001
300 _a274p.
_c22cm (Hb)
700 _aPrem Prakash
_913443
942 _2ddc
_cEN
_h821.08
_mKAB
999 _c41924
_d41924